=LDR 00000nam 2200000 4500 =001 INLIS000000000014747 =005 20250227112455 =035 ##$$a 0010-061300000014747 =008 250227################g##########0#ind## =041 ##$$a Ind =082 ##$$a 500 =090 ##$$a 500, Ilm/II =245 ##$$a Ilmu pengetahuan populer jilid 2 : $b Astronomi dan pengetahuan ruang angkasa komputer dan matematika ilmu pengetahuan bumi =260 ##$$a Jakarta :$b Grolier International,$c 2004 =300 ##$$a 295 hlm : $b illus ; $c 27 x 20 cm =650 #4$$a Sains Populer =850 ##$$a NBPNMAT =020 ##$$a 978-8087-49-6 =084 ##$$a R. 500 ILM i.II =250 ##$$a ed. 11 (revisi) =990 ##$$a 30501991 =990 ##$$a 30501992 =990 ##$$a 19251925 =990 ##$$a 2100258 =990 ##$$a 30501991 =990 ##$$a 30501992